कम्प्यूटर शिक्षा : (Record no. 28166)
[ view plain ]
| 000 -LEADER | |
|---|---|
| fixed length control field | 01392nam a22002777a 4500 |
| 005 - DATE AND TIME OF LATEST TRANSACTION | |
| control field | 20180813113551.0 |
| 008 - FIXED-LENGTH DATA ELEMENTS--GENERAL INFORMATION | |
| fixed length control field | 090711t xxu||||| |||| 00| 0 hin d |
| 010 ## - LCCN (DPL NO) | |
| LC control number | HIN-87212 |
| 020 ## - INTERNATIONAL STANDARD BOOK NUMBER | |
| Terms of availability | 150.00 |
| International Standard Book Number | 8187818867 |
| 035 ## - SYSTEM CONTROL NUMBER | |
| System control number | HN-59558 |
| 035 ## - SYSTEM CONTROL NUMBER | |
| System control number | B-103805, B-103812 ,B-103804 |
| 037 ## - SOURCE OF ACQUISITION | |
| Source of stock number/acquisition | DBAD / PUB |
| 040 ## - CATALOGING SOURCE | |
| Original cataloging agency | dpl |
| Language of cataloging | hn |
| 082 ## - DEWEY DECIMAL CLASSIFICATION NUMBER | |
| Classification number | 004.678 |
| 100 ## - MAIN ENTRY--PERSONAL NAME | |
| Personal name | नारंग, प्रियंका |
| 9 (RLIN) | 40204 |
| 245 ## - TITLE STATEMENT | |
| Title | कम्प्यूटर शिक्षा : |
| Remainder of title | (इंटरनेट और वेब डिजाइनिंग) / |
| Statement of responsibility, etc | प्रियंका नारंग; मीनू पसरीजा द्वारा संकलित |
| 246 ## - VARYING FORM OF TITLE | |
| Title proper/short title | Computer Shikshaa |
| Remainder of title | by Priyanka Narang |
| 250 ## - EDITION STATEMENT | |
| Edition statement | 2रा संस्क. |
| 260 ## - PUBLICATION, DISTRIBUTION, ETC. (IMPRINT) | |
| Place of publication, distribution, etc | नई दिल्ली |
| Name of publisher, distributor, etc | लक्ष्य पब्लिकेशन्स |
| Date of publication, distribution, etc | 2006 |
| 270 ## - ADDRESS | |
| Address | 7/26 ग्राउण्ड फ्लोर, अंसारी रोड़, दरियागंज, |
| City | नई दिल्ली |
| Postal code | 110002 |
| Telephone number | 55749511, 55257538, |
| 300 ## - PHYSICAL DESCRIPTION | |
| Extent | 104पृ. |
| Dimensions | 22सेमी (सजिल्द) |
| 650 ## - SUBJECT ADDED ENTRY--TOPICAL TERM | |
| Topical term or geographic name as entry element | कम्प्यूटर |
| General subdivision | अध्ययन और अध्यापन |
| 9 (RLIN) | 40205 |
| 650 ## - SUBJECT ADDED ENTRY--TOPICAL TERM | |
| Topical term or geographic name as entry element | Computer |
| General subdivision | Study and teaching |
| 9 (RLIN) | 40206 |
| 700 ## - ADDED ENTRY--PERSONAL NAME | |
| Personal name | पसरीजा, मीनू |
| 9 (RLIN) | 40207 |
| 942 ## - ADDED ENTRY ELEMENTS (KOHA) | |
| Source of classification or shelving scheme | Dewey Decimal Classification |
| Item type | Hindi Books |
| Call number suffix | नारंग |
| Classification part | 004.678 |
| Withdrawn status | Lost status | Source of classification or shelving scheme | Damaged status | Not for loan | Home library | Current library | Date acquired | Source of acquisition | Cost, normal purchase price | Total Checkouts | Full call number | Barcode | Date last seen | Copy number | Cost, replacement price | Koha item type | Collection code |
|---|---|---|---|---|---|---|---|---|---|---|---|---|---|---|---|---|---|
| Dewey Decimal Classification | Not For Loan | D.B.Act.Division | D.B.Act.Division | 11/07/2009 | DBAD / PUB | 150.00 | 004.678 नारंग | HN-59558 | 11/07/2009 | 1 | 150.00 | Hindi Books | |||||
| Dewey Decimal Classification | Sarojini Nagar | Sarojini Nagar | 27/01/2012 | 150.00 | 004.678 नारंग | B-103805 | 27/01/2012 | 150.00 | Hindi Books | Non-fiction | |||||||
| Dewey Decimal Classification | Shahdara Branch | Shahdara Branch | 11/06/2018 | BPPD/PUB | 150.00 | 3 | 004.678 नारंग | B-103812 | 10/06/2023 | 150.00 | Hindi Books | Non-fiction | |||||
| Dewey Decimal Classification | Tri Nagar | Tri Nagar | 13/08/2018 | BPPD/PUB | 150.00 | 004.678 नारंग | B-103804 | 13/08/2018 | 150.00 | Hindi Books | Non-fiction |
